| 000 | 02162nam a2200373Ii 4500 | ||
|---|---|---|---|
| 001 | sky281747665 | ||
| 003 | SKY | ||
| 005 | 20161013155722.0 | ||
| 008 | 160226s2016 tnu 000 0cspa d | ||
| 020 | _a9780718078911 | ||
| 020 | _a0718078918 | ||
| 040 |
_aBTCTA _beng _erda _cBTCTA _dYDXCP _dNBO _dCGP _dNPC _dBDX _dOCLCO _dBKL _dCoBoFLC |
||
| 082 | 0 | 4 |
_a304.8/7300922 _223 |
| 100 | 1 | _aKrauze, León | |
| 245 | 1 | 3 |
_aLa mesa: _bhistorias de nuestra gente / _cLeón Krauze ; prólogo por Jorge Ramos. |
| 260 |
_aNashville, Tennessee : _bHarperCollins Español, _cc2016. |
||
| 264 | 1 |
_aNashville, Tennessee : _bHarperCollins Español, _c[2016] |
|
| 264 | 4 | _cc2016. | |
| 300 |
_axxi, 248 pages ; _c23 cm. |
||
| 336 |
_atext _2rdacontent. |
||
| 337 |
_aunmediated _2rdamedia. |
||
| 338 |
_avolume _2rdacarrier. |
||
| 505 | 0 | _aPadres ausentes -- Madres heroicas -- Cicatrices de la distancia -- Raíces en una nueva tierra -- Hijos de dos culturas -- La conquista del norte. | |
| 520 | _a"En La mesa, el renombrado periodista León Krauze presenta un mosaico memorable: cincuenta historias que retratan la experiencia del inmigrante en Estados Unidos y la lucha por alcanzar una vida mejor."--cubierta de libro. | ||
| 520 | _aIn this book, the renowned Mexican journalist, León Krauze presents a charming Mosaic: fifty stories of people, fifty lives that portray the experience of migrating to the United States and the battle to achieve a better life. Inspired by conversations, spontaneous and candid, in the successful television segment 'La Mesa,' which has broken ratings on Univisión records, Krauze revives the tales of those who have had the courage to emigrate, leaving behind not only part of their hearts, but sometimes their entire lives. | ||
| 546 | _aTexto en español. | ||
| 650 | 0 |
_aImmigrants _zUnited States _vBiography. |
|
| 651 | 0 |
_aUnited States _xEmigration and immigration _xHistory. |
|
| 651 | 0 |
_aUnited States _xEmigration and immigration _vBiography. |
|
| 655 | 7 |
_aSpanish language materials. _2local. |
|
| 655 | 7 |
_aMateriales en español. _2local. |
|
| 655 | 7 |
_aInmigrantes _zEstados Unidos _vBiografía. _2bidex. |
|
| 942 |
_cBK _2ddc |
||
| 999 |
_c16119 _d16119 |
||